Questions Rejected for Daily Trivia - Statistics

General Stats
  • This quiz has been taken 24 times
  • The average score is 6 of 10
Answer Stats
Question Answer % Correct
What dog breed is Scooby Doo? Great Dane
100%
What is the name of the dog in The Jetsons? Astro
95%
Jules Verne's captain of the Nautilus Nemo
95%
Which does NOT refer to division? Minuend
73%
Which is the weakest of the four fundamental forces? Gravity
55%
What is the Skipper's name in Gilligan's Island? Jonas Grumby
41%
What is the most common county name in the US? Washington
41%
In 1971 who introduced the 4004, the first microprocessor? Intel
36%
Which of these carries blood that is low in oxygen? Pulmonary Artery
36%
What are the closest US cities each with a population over one million? Dallas and Fort Worth
32%
No matching quizzes found
Score Distribution
Percent of People with Each Score
Percentile by Number Answered
Your Score History
You have not taken this quiz